| 000 | 00833nam a2200205Ia 4500 | ||
|---|---|---|---|
| 001 | 18818 | ||
| 003 | GE_BSU | ||
| 008 | 181216s||||||||xx |||||||||||||| ||und|| | ||
| 040 | _cGE_BSU | ||
| 245 | _aეკონომიკა: ECONOMICS: 1-2. 2016 | ||
| 245 | _bყოველთვიური საერთაშორისო რეცენზირებადი და რეფერირებადი სამეცნიერო ჟურნალი. | ||
| 245 | _cმთ.რედ:რ.შენგელია. | ||
| 260 | _aთბილისი | ||
| 260 | _c2016 | ||
| 300 | _a305გვ; 20 სმ. | ||
| 520 | _aმეცნიერება,პრაქტიკა,გამოცდილება | ||
| 653 | _aეკონომიკა. | ||
| 653 | _aპერიოდიკა | ||
| 942 | _cCR | ||
| 999 |
_c51823 _d51823 |
||